000 00311nam a22001097a 4500
999 _c8091
_d8091
008 200706b ||||| |||| 00| 0 eng d
082 _a338.927
_bKUA
100 _a Kuaanan, Techato,
245 _aGreen roofs and climate change in sustainable urban development
260 _aNew Delhi
_bSerials
_c2017
942 _2ddc